000
00453nam a2200181Ia 4500
008
100917s9999 xx 000 0 und d
082
_b
45289
100
_a
नांगरे बलराम
245
_a
धनंजय
260
_b
अभय साहित्य
_c
1966
300
_a
122/39
365
_b
5
520
_a
नाटक
630
_a
धनंजय
650
_a
नाटक
730
_a
धनंजय
942
_c
BOOK
999
_c
650683
_d
650680